000 00751nam a2200253 a 4500
001 BRL_1504
005 20190320211234.0
008 100214s1981----mx-a######---#000-0#spa-#
020 _a9683800408
041 _aspa
044 _amx
050 4 _aF1435
_b.S63 1981
100 1 _aSodi M., Demetrio
_922706
245 1 0 _aLos mayas
_bvida, cultura y arte a través de un personaje de su tiempo
_cDemetrio Sodi M. con la colaboración de Adela Fernández.
260 _aMéxico
_bPanorama
_c1981
300 _a166 p.
_bil.
_c18 cm.
500 _aAu1701
500 _aIncluye dedicatoria a Ruth Lechuga
500 _aIncluye glosario
650 1 4 _aMayas
_xHistoria
_923497
700 1 _aFernández, Adela
_927120
902 _aGRL
942 _2lcc
_cB
999 _c10314
_d10314